000 01682 a2200193 4500
001 25025
005 20260407155533.0
008 260407a1972 arg spa d
003 AR-UNSa-BCEJYS
040 _aAR-UNSa-BCEJYS
_bspa
_cAR-UNSa-BCEJYS
080 _a349.2
_xDerecho del Trabajo
245 1 0 _aDesarrollo, integracion y derecho de trabajo
_pestudio esquemático para américa latina
264 1 _aBuenos Aires :
_bAstrea
_c1972
300 _a318 p.
_c24 cm.
505 _a1. Nociones preliminares – 2. La empresa como unidad básica del desarrollo económico – 3. La función del Estado en el desarrollo económico y social – 4. La sociedad tradicional de Latinoamérica – 5. Hacia el derecho de la integración – 6. Los problemas sociales más importantes de la integración – 7. La OIT y los problemas sociales – 8. La asociación latinoamericana de libre comercio (ALALC) – 9. El programa andino y el acuerdo de integración subregional andino – 10. El mercado común centroamericano – 11. La comisión especial de coordinación latinoamericana (CECLA) – 12. La carta de la OEA y el plan de acción de Caraballeda – 13. Las comunidades económicas europeas – 14. La República Argentina y los países limítrofes – 15. El desarrollo económico argentino – 16. Sistema nacional de planeamiento y acción para el desarrollo – 17. Políticas nacionales – 18. Desarrollo y defensa nacional – 19. El fondo de ahorro para la participación en el desarrollo económico – 20. Derecho laboral, sindical y previsional de la República Argentina -
942 _cBK
590 _aniveau_biblio:m niveau_hierar:0
100 1 _aNápoli, Rodolfo A.
999 _c1270
_d1270